000 00732nam a2200253Ia 4500
001 11057
003 GE_BSU
008 181216s||||||||xx |||||||||||||| ||und||
020 _a9780203968482(ebk)
040 _cGE_BSU
080 _a378.1
100 _aButcher,Christopher; Clara Davies and Melissa Highton.
245 _aDesigning Learning.
245 _bFrom module outline to effective teaching.
260 _aNew York.
260 _bRoutledge.
260 _c2006.
300 _a218p;23cm.
520 _aშემოსულია ტემპუსის პროექტით.
541 _h96Gel.
653 _aDesigning Learning.
653 _aტემპუსის პროექტით
942 _cBK
999 _c44299
_d44299